Normal view
MARC view
- Mierzejewski, Edward A.
Entry Personal Name
001 - CONTROL NUMBER
- control field: 22014
003 - CONTROL NUMBER IDENTIFIER
- control field: NUST
005 - DATE AND TIME OF LATEST TRANSACTION
- control field: 20190930113617.0
008 - FIXED-LENGTH DATA ELEMENTS
- fixed length control field: 190930|| aca||aabn | a|a d
040 ## - CATALOGING SOURCE
- Original cataloging agency: NUST
- Transcribing agency: NUST
100 ## - HEADING--PERSONAL NAME
- Personal name: Mierzejewski, Edward A.
670 ## - SOURCE DATA FOUND
- Source citation: Work cat.: (NUST)0: Pietrzyk, Michael C. 22009, Electronic Toll and Traffic Management (ETTM) systems /, 1993.
